[Event "Medellin de La Raza U2000 op"]
[Site "Medellin"]
[Date "2023.10.15"]
[Round "6"]
[White "Rico Hernandez, Edgar"]
[Black "Olarte Ospina, Manuel"]
[Result "0-1"]
[WhiteElo "1725"]
[BlackElo "1853"]
[PlyCount "42"]
[EventDate "2023.10.12"]
[EventType "swiss"]
[EventRounds "9"]
[EventCountry "COL"]
[SourceTitle "Mega2024 Update 01"]
[Source "Chessbase"]
[SourceDate "2023.11.12"]
[SourceVersion "1"]
[SourceVersionDate "2023.11.12"]
[SourceQuality "1"]

1. d4 d5 2. c4 e6 3. Nc3 Bb4 4. e3 Nf6 5. Nf3 0-0 6. Qc2 b6 7. Be2 Bb7 8. cxd5 Bxc3+ 9. bxc3 exd5 10. 0-0 Nbd7 11. c4 c5 12. cxd5 Bxd5 13. Bb2 Rc8 14. dxc5 Nxc5 15. Qd1 Nfe4 16. Nd4 f5 17. Nf3 Ne6 18. Be5 Nc3 19. Bxc3 Rxc3 20. Qd2 Bxf3 21. Bxf3 Qxd2 0-1

[Event "Bucaramanga Santander-ch"]
[Site "Bucaramanga"]
[Date "2022.04.11"]
[Round "7"]
[White "Rico Hernandez, Edgar"]
[Black "Ramirez, Orlando"]
[Result "1-0"]
[WhiteElo "1744"]
[BlackElo "1405"]
[PlyCount "79"]
[EventDate "2022.04.08"]
[EventType "swiss"]
[EventRounds "8"]
[EventCountry "COL"]
[SourceTitle "CBM 207 Extra"]
[Source "ChessBase"]
[SourceDate "2022.05.31"]
[SourceVersion "1"]
[SourceVersionDate "2022.05.31"]
[SourceQuality "1"]

1. d4 Nf6 2. c4 e6 3. Nc3 d5 4. Bg5 Be7 5. e3 c6 6. Nf3 Nbd7 7. Rc1 0-0 8. Bd3 dxc4 9. Bxc4 Nd5 10. Bxe7 Qxe7 11. 0-0 N5b6 12. Bd3 e5 13. Qc2 g6 14. Rfe1 f5 15. dxe5 Nxe5 16. Nxe5 Qxe5 17. Ne2 Bd7 18. Red1 Rad8 19. Nd4 Bc8 20. Nf3 Qf6 21. h3 Kg7 22. Qc3 Nd5 23. Qxf6+ Kxf6 24. Be2 h6 25. Rd4 Nb6 26. Rcd1 Rxd4 27. Rxd4 Nd5 28. Nd2 b6 29. Nc4 g5 30. Bf3 Bb7 31. Kf1 c5 32. Rd2 Ba8 33. a4 a6 34. Nxb6 Ke5 35. Nxa8 Rxa8 36. Rxd5+ Ke6 37. Rxc5 Rb8 38. Rc2 Kd7 39. Ke2 Rxb2 40. Rxb2 1-0

[Event "Bucaramanga Santander-ch"]
[Site "Bucaramanga"]
[Date "2022.04.09"]
[Round "4"]
[White "Sequeda Hernandez, Daniel Arturo"]
[Black "Rico Hernandez, Edgar"]
[Result "0-1"]
[WhiteElo "1500"]
[BlackElo "1744"]
[PlyCount "48"]
[EventDate "2022.04.08"]
[EventType "swiss"]
[EventRounds "8"]
[EventCountry "COL"]
[SourceTitle "CBM 207 Extra"]
[Source "ChessBase"]
[SourceDate "2022.05.31"]
[SourceVersion "1"]
[SourceVersionDate "2022.05.31"]
[SourceQuality "1"]

1. f4 Nf6 2. Nf3 d6 3. e3 Nc6 4. Nc3 Bg4 5. Be2 e6 6. b3 Be7 7. Bb2 0-0 8. 0-0 Nd7 9. d4 Nf6 10. Nd2 Bxe2 11. Qxe2 Nb4 12. Nde4 Nbd5 13. Nxf6+ Bxf6 14. Nxd5 exd5 15. Qb5 Qe7 16. Rae1 c6 17. Qd3 Rfe8 18. Rf3 Qe4 19. Rf2 Rac8 20. Qxe4 Rxe4 21. Rfe2 Rce8 22. Ba3 Bh4 23. g3 Be7 24. c4 f5 0-1

[Event "Bucaramanga Bonita op"]
[Site "Bucaramanga"]
[Date "2021.09.05"]
[Round "6"]
[White "Cuadros Pena, Albert Andretti"]
[Black "Rico Hernandez, Edgar"]
[Result "1-0"]
[WhiteElo "1600"]
[BlackElo "1772"]
[PlyCount "91"]
[EventDate "2021.09.04"]
[EventType "swiss"]
[EventRounds "6"]
[EventCountry "COL"]
[SourceTitle "EXT 2022"]
[Source "ChessBase"]
[SourceDate "2021.10.06"]
[SourceVersion "1"]
[SourceVersionDate "2021.10.06"]
[SourceQuality "1"]

1. e4 c6 2. d4 d5 3. e5 Bf5 4. Nf3 e6 5. Nc3 Nd7 6. Be2 Ne7 7. 0-0 a6 8. h3 c5 9. Bf4 Nc6 10. dxc5 Bxc5 11. Re1 0-0 12. Bd3 Bxd3 13. cxd3 Rc8 14. a3 b5 15. d4 Be7 16. Rc1 Nb6 17. Re2 Nc4 18. Rec2 Qd7 19. Ne2 Rfd8 20. Nd2 N6a5 21. Ng3 g6 22. Bh6 Bf8 23. Bg5 Re8 24. Nxc4 Nxc4 25. Qg4 h6 26. Bf6 Nb6 27. h4 Rxc2 28. Rxc2 Rc8 29. Rxc8 Qxc8 30. h5 Qc1+ 31. Kh2 g5 32. Ne2 Qc2 33. f4 Qf5 34. Qxf5 exf5 35. fxg5 hxg5 36. Bxg5 Nc4 37. Bc1 Kh7 38. Nf4 Bh6 39. Kg3 a5 40. b3 Nb6 41. Bd2 a4 42. bxa4 bxa4 43. Bb4 Nc4 44. Nxd5 Bc1 45. Nc3 Kh6 46. Nxa4 1-0

[Event "COL-ch Visually impaired"]
[Site "Cartagena"]
[Date "2019.12.07"]
[Round "3.4"]
[White "Pena Romero, Edwin Oswaldo"]
[Black "Rico Hernandez, Edgar"]
[Result "0-1"]
[WhiteElo "1524"]
[BlackElo "1859"]
[PlyCount "102"]
[EventDate "2019.12.06"]
[EventType "swiss (rapid)"]
[EventRounds "6"]
[EventCountry "COL"]
[SourceTitle "EXT 2024"]
[Source "ChessBase"]
[SourceDate "2023.10.10"]
[SourceVersion "1"]
[SourceVersionDate "2023.10.10"]
[SourceQuality "1"]

1. d4 d5 2. e3 Nf6 3. f4 e6 4. Nf3 c5 5. c3 Nc6 6. Bd3 Bd6 7. 0-0 0-0 8. Ne5 Qc7 9. Nd2 b6 10. g4 g6 11. Rf2 Bb7 12. h4 Rac8 13. h5 cxd4 14. exd4 Kg7 15. Qf3 Rh8 16. Qh3 Na5 17. Ndf3 Be7 18. Ng5 Rcf8 19. f5 exf5 20. h6+ Kg8 21. gxf5 Bc8 22. Qg2 Nc4 23. fxg6 fxg6 24. Nxh7 Nxe5 25. dxe5 Rxh7 26. Qxg6+ Kh8 27. exf6 Bc5 28. Kf1 Bh3+ 29. Ke1 Bxf2+ 30. Kd1 Qf7 31. Qxh7+ Qxh7 32. Bxh7 Kxh7 33. Bf4 Rxf6 34. Bd2 Rg6 35. Kc2 Rg1 36. Rxg1 Bxg1 37. a3 Bc5 38. b4 Bf8 39. Kd3 Bxh6 40. Be1 Bg2 41. Kd4 Bg7+ 42. Ke3 Kg6 43. Kf4 Bf6 44. Ke3 Kf5 45. Kf2 Be4 46. Ke3 b5 47. Kd2 Kg4 48. Bf2 a6 49. Be1 Bg5+ 50. Ke2 Bb1 51. Kd1 Bf5 0-1

[Event "Medellin op 2nd"]
[Site "Medellin"]
[Date "2019.05.09"]
[Round "2.5"]
[White "Castillo Castellanos, David"]
[Black "Rico Hernandez, Edgar"]
[Result "0-1"]
[WhiteElo "1604"]
[BlackElo "1847"]
[PlyCount "98"]
[EventDate "2019.05.08"]
[EventType "swiss"]
[EventRounds "6"]
[EventCountry "COL"]
[SourceTitle "EXT 2024"]
[Source "ChessBase"]
[SourceDate "2023.10.10"]
[SourceVersion "1"]
[SourceVersionDate "2023.10.10"]
[SourceQuality "1"]

1. e4 c6 2. b3 d5 3. exd5 cxd5 4. d4 Nf6 5. h3 e6 6. Nf3 Nc6 7. Nbd2 Bb4 8. Bb2 0-0 9. Be2 Ne4 10. a3 Nc3 11. Qc1 Nxe2 12. Kxe2 Bd6 13. Re1 b6 14. Kf1 Ba6+ 15. Kg1 Rc8 16. c3 Bf4 17. Qc2 Qc7 18. Nf1 h6 19. Bc1 Bd6 20. Ra2 Ne7 21. Bd2 Ng6 22. N1h2 Nf4 23. Bxf4 Bxf4 24. c4 dxc4 25. bxc4 Bxc4 26. Raa1 Bd5 27. Qxc7 Rxc7 28. Re2 Rfc8 29. g3 Bd6 30. a4 Rc3 31. Kg2 Rd3 32. a5 b5 33. Rb1 a6 34. Rbb2 Rxd4 35. Rbd2 Rxd2 36. Rxd2 Bb4 37. Rb2 Bxa5 38. Nf1 Bb6 39. Ne3 Bxe3 40. fxe3 b4 41. Kf2 b3 42. Ne1 a5 43. Ke2 a4 44. Nd3 a3 45. Rd2 a2 46. Rd1 Rc2+ 47. Ke1 b2 48. Nxb2 Rxb2 49. Ra1 Rb1+ 0-1

[Event "San Antonio del Tachira TORBIN 12th"]
[Site "San Antonio del Tachira"]
[Date "2017.12.19"]
[Round "6.1"]
[White "Duarte Carreno, Samuel Dario"]
[Black "Rico Hernandez, Edgar"]
[Result "1/2-1/2"]
[WhiteElo "1909"]
[BlackElo "1854"]
[PlyCount "22"]
[EventDate "2017.12.17"]
[EventType "tourn"]
[EventRounds "10"]
[EventCountry "VEN"]
[SourceTitle "EXT 2022"]
[Source "ChessBase"]
[SourceDate "2021.10.06"]
[SourceVersion "1"]
[SourceVersionDate "2021.10.06"]
[SourceQuality "1"]

1. e4 c6 2. d4 d5 3. Bd3 dxe4 4. Bxe4 Nf6 5. Bf3 Bf5 6. Ne2 e6 7. 0-0 Be7 8. Ng3 Bg6 9. Be3 Nbd7 10. Nd2 0-0 11. c3 Nd5 1/2-1/2

[Event "San Antonio del Tachira TORBIN 12th"]
[Site "San Antonio del Tachira"]
[Date "2017.12.18"]
[Round "3.2"]
[White "Urbina, Jaime"]
[Black "Rico Hernandez, Edgar"]
[Result "1/2-1/2"]
[WhiteElo "2189"]
[BlackElo "1854"]
[PlyCount "30"]
[EventDate "2017.12.17"]
[EventType "tourn"]
[EventRounds "10"]
[EventCountry "VEN"]
[SourceTitle "EXT 2022"]
[Source "ChessBase"]
[SourceDate "2021.10.06"]
[SourceVersion "1"]
[SourceVersionDate "2021.10.06"]
[SourceQuality "1"]

1. e4 c6 2. d4 d5 3. exd5 cxd5 4. Bd3 Nf6 5. Nf3 Bg4 6. 0-0 e6 7. h3 Bh5 8. Re1 Be7 9. c3 0-0 10. Nbd2 Nbd7 11. Nf1 Rc8 12. Ng3 Bxf3 13. Qxf3 Re8 14. Bf4 Nf8 15. Re2 a6 1/2-1/2

[Event "COL-ch Amateur U2000"]
[Site "Bogota"]
[Date "2017.03.04"]
[Round "4"]
[White "Rico Hernandez, Edgar"]
[Black "Dabraccio, Guillermo"]
[Result "1/2-1/2"]
[WhiteElo "1872"]
[BlackElo "1704"]
[PlyCount "59"]
[EventDate "2017.03.02"]
[EventType "swiss"]
[EventRounds "7"]
[EventCountry "COL"]
[SourceTitle "CBM 177 Extra"]
[Source "ChessBase"]
[SourceDate "2017.04.27"]
[SourceVersion "1"]
[SourceVersionDate "2017.04.27"]
[SourceQuality "1"]

1. d4 d5 2. c4 c6 3. Nc3 e6 4. Nf3 dxc4 5. e3 b5 6. a4 b4 7. Nb1 a5 8. Bxc4 Nf6 9. Nbd2 Ba6 10. 0-0 c5 11. Qe2 Be7 12. Rd1 0-0 13. Bxa6 Nxa6 14. Nc4 Qc7 15. Bd2 Ne4 16. Rac1 Nxd2 17. Rxd2 cxd4 18. exd4 Nb8 19. Rdc2 Bf6 20. Nce5 Qd6 21. Qe4 Ra7 22. Rc8 g6 23. Qf4 Bxe5 24. dxe5 Qd7 25. Rxf8+ Kxf8 26. Qh6+ Ke8 27. Qxh7 Rc7 28. Qh8+ Ke7 29. Qf6+ Ke8 30. Qh8+ 1/2-1/2

[Event "Uni De Paula Santander op 2nd"]
[Site "Ocana"]
[Date "2016.09.25"]
[Round "6"]
[White "Rico Hernandez, Edgar"]
[Black "Velez Rueda, Juan Diego"]
[Result "1/2-1/2"]
[WhiteElo "1857"]
[BlackElo "1841"]
[PlyCount "43"]
[EventDate "2016.09.23"]
[EventType "swiss"]
[EventRounds "7"]
[EventCountry "COL"]
[SourceTitle "EXT 2018"]
[Source "ChessBase"]
[SourceDate "2017.10.13"]
[SourceVersion "1"]
[SourceVersionDate "2017.10.13"]
[SourceQuality "1"]

1. d4 Nf6 2. c4 e6 3. Nc3 Bb4 4. Qc2 0-0 5. Nf3 d5 6. e3 b6 7. a3 Bxc3+ 8. Qxc3 Bb7 9. Be2 Nbd7 10. 0-0 c5 11. Rd1 Rc8 12. Qb3 Qc7 13. cxd5 Bxd5 14. Qd3 Rfd8 15. Bd2 cxd4 16. exd4 Bc4 17. Qxc4 Qxc4 18. Bxc4 Rxc4 19. Rac1 Rdc8 20. Rxc4 Rxc4 21. Rc1 Rxc1+ 22. Bxc1 1/2-1/2

[Event "Uni De Paula Santander op 2nd"]
[Site "Ocana"]
[Date "2016.09.23"]
[Round "2"]
[White "Rico Hernandez, Edgar"]
[Black "Bayona Navarro, Ivan Alonso"]
[Result "1-0"]
[WhiteElo "1857"]
[BlackElo "1600"]
[PlyCount "113"]
[EventDate "2016.09.23"]
[EventType "swiss"]
[EventRounds "7"]
[EventCountry "COL"]
[SourceTitle "EXT 2018"]
[Source "ChessBase"]
[SourceDate "2017.10.13"]
[SourceVersion "1"]
[SourceVersionDate "2017.10.13"]
[SourceQuality "1"]

1. d4 d5 2. c4 e6 3. Nc3 Nf6 4. Bg5 Be7 5. e3 Nbd7 6. Nf3 c6 7. Rc1 dxc4 8. Bxc4 b5 9. Bd3 Bb7 10. 0-0 a6 11. Bxf6 Nxf6 12. Ne4 Nxe4 13. Bxe4 Rc8 14. Ne5 Qd6 15. Qf3 f5 16. Bxc6+ Bxc6 17. Rxc6 Rxc6 18. Qxc6+ Qxc6 19. Nxc6 Bd6 20. Rc1 Kd7 21. Ne5+ Bxe5 22. dxe5 g5 23. f4 g4 24. Kf2 h5 25. Ke2 h4 26. Rc2 h3 27. g3 Re8 28. Rc3 Rb8 29. Kd2 Rb6 30. Kd3 a5 31. e4 a4 32. Rc5 Rb8 33. Kd2 Rb6 34. Kd3 Rb8 35. exf5 exf5 36. Kd4 Ke7 37. Ke3 b4 38. Rd5 Rc8 39. Rd2 Rc4 40. Kd3 Rc1 41. Rc2 Ra1 42. b3 a3 43. Kc4 Rg1 44. Kxb4 Rg2 45. Kc3 Ke6 46. Kd3 Kd5 47. Re2 Ke6 48. Ke3 Rg1 49. Kd3 Rg2 50. Rc2 Rg1 51. b4 Rb1 52. Kc3 Kd5 53. Rd2+ Ke6 54. Re2 Rg1 55. Kb3 Rg2 56. Rc2 Kd5 57. b5 1-0

[Event "Medellin Flores op 23rd"]
[Site "Medellin"]
[Date "2016.08.04"]
[Round "2"]
[White "Corredor Castellanos, Camilo"]
[Black "Rico Hernandez, Edgar"]
[Result "1/2-1/2"]
[WhiteElo "2048"]
[BlackElo "1838"]
[PlyCount "89"]
[EventDate "2016.08.03"]
[EventType "swiss"]
[EventRounds "9"]
[EventCountry "COL"]
[SourceTitle "CBM 173 Extra"]
[Source "ChessBase"]
[SourceDate "2016.08.29"]
[SourceVersion "1"]
[SourceVersionDate "2016.08.29"]
[SourceQuality "1"]

1. Nf3 Nf6 2. c4 e6 3. Nc3 d5 4. d4 Nbd7 5. Bg5 Be7 6. e3 c6 7. Qc2 0-0 8. Rc1 a6 9. cxd5 exd5 10. Bd3 Re8 11. 0-0 Nf8 12. Ne5 Ng4 13. Bf4 Nxe5 14. Bxe5 Bd6 15. Bxd6 Qxd6 16. Na4 Bg4 17. h3 Bh5 18. Qc5 Qd8 19. Qb6 Qxb6 20. Nxb6 Rad8 21. Rc3 Bg6 22. Bxg6 hxg6 23. Rfc1 Nd7 24. Nxd7 Rxd7 25. b4 Kf8 26. a4 Ke7 27. g4 Kd6 28. Rc5 Rb8 29. f3 Re7 30. Kf2 Rbe8 31. R5c3 Rh8 32. Kg3 g5 33. Re1 Re6 34. e4 f6 35. b5 axb5 36. axb5 Rhe8 37. bxc6 bxc6 38. Rec1 dxe4 39. Rxc6+ Kd5 40. Rc7 e3 41. R1c5+ Kxd4 42. Rc4+ Kd3 43. Rc3+ Kd4 44. R3c4+ Kd5 45. R4c5+ 1/2-1/2